[Event "Match"]
[Site "www.echecsemail.com"]
[Date "2016.07.01"]
[Round "1"]
[White "Kampungboy"]
[Black "Pariolinius"]
[WhiteElo "1499"]
[BlackElo "1700"]
[Result "1-0"]
[Round "1"]
1.e4 d6
2.d4 g6
3.Nb1c3 Bf8g7
4.f4 Ng8f6
5.Ng1f3 O-O
6.Bf1c4 Nb8d7
7.Bc1e3 Nd7b6
8.Bc4b3 Bc8g4
9.h3 Bg4d7
10.e5 Nb6d5
11.Nc3xd5 Nf6xd5
12.Bb3xd5 c6
13.Bd5b3 d5
14.c4 e6
15.O-O Qd8e7
16.Ra1c1 Ra8c8
17.Be3f2 f5
18.Bf2h4 Qe7e8
19.cxd5 cxd5
20.Rc1xc8 Qe8xc8
21.Qd1d2 Bd7b5
22.Rf1c1 Qc8d7
23.Qd2a5 b6
24.Qa5c3 Bb5a6
25.Qc3c7 Qd7xc7
26.Rc1xc7 Rf8a8
27.Nf3g5 h6
28.Ng5xe6 Bg7f8
29.Bb3xd5 Kh8
30.Bh4f6 { resign }
1-0

[Event "Match"]
[Site "www.echecsemail.com"]
[Date "2016.07.01"]
[Round "1"]
[White "Knightjumper"]
[Black "Olddog55"]
[WhiteElo "1630"]
[BlackElo "1630"]
[Result "0-1"]
[Round "1"]
1.e4 e5
2.Bf1c4 Ng8h6
3.d3 Bf8d6
4.Bc1xh6 gxh6
5.Ng1f3 c6
6.Nb1c3 Qd8b6
7.Bc4b3 Bd6c5
8.O-O d6
9.Nc3a4 Qb6a5
10.Na4xc5 Qa5xc5
11.c3 O-O
 { time }
0-1

[Event "Match"]
[Site "www.echecsemail.com"]
[Date "2016.07.01"]
[Round "1"]
[White "Knightjumper"]
[Black "Guidom"]
[WhiteElo "1630"]
[BlackElo "2090"]
[Result "0-1"]
[Round "1"]
1.e4 e5
2.Ng1f3 Nb8c6
3.Bf1c4 Bf8c5
4.d3 Ng8f6
5.O-O O-O
6.Nb1c3 d6
7.Bc1g5 Bc8e6
8.Nc3d5 Be6xd5
9.Bc4xd5 h6
10.Bg5e3 Nf6xd5
11.exd5 Nc6e7
12.Be3xc5 dxc5
13.Nf3xe5 Qd8xd5
 { time }
0-1

[Event "Match"]
[Site "www.echecsemail.com"]
[Date "2016.07.01"]
[Round "1"]
[White "Pinehill"]
[Black "Knightjumper"]
[WhiteElo "2040"]
[BlackElo "1630"]
[Result "1-0"]
[Round "1"]
1.e4 c5
2.Ng1f3 d6
3.d4 cxd4
4.Nf3xd4 Ng8f6
5.Nb1c3 a6
6.Bc1g5 e6
7.Bf1e2 Bf8e7
8.Qd1d2 Qd8c7
9.O-O-O O-O
10.Kb1 b5
11.Be2f3 Bc8b7
12.h4  { time }
1-0

[Event "1/128 Finale"]
[Site "www.chess-mail.com"]
[Date "2016.07.01"]
[Round "1"]
[White "Gatrooper"]
[Black "Knightjumper"]
[WhiteElo "1600"]
[BlackElo "1630"]
[Result "1-0"]
[Round "1"]
1.e4 e5
2.a3 Nb8c6
3.Ng1f3 Ng8f6
4.Nb1c3 d6
5.h3 Bf8e7
6.Bf1b5 O-O
7.Bb5xc6 bxc6
8.d3 Ra8b8
9.Bc1g5 c5
10.Bg5xf6 Be7xf6
11.Nc3d5 c6
12.Nd5c3  { time }
1-0

[Event "1/128 Finale"]
[Site "www.chess-mail.com"]
[Date "2016.07.01"]
[Round "1"]
[White "Attatroll"]
[Black "Sandokam"]
[WhiteElo "1870"]
[BlackElo "2120"]
[Result "0-1"]
[Round "1"]
1.e4 c6
2.Ng1f3 d5
3.exd5 cxd5
4.Nf3e5 Nb8c6
5.Bf1b5 Qd8c7
6.d4 a6
7.Bb5xc6 bxc6
8.O-O e6
9.Bc1f4 Bf8d6
10.Qd1e2 Ng8e7
11.c3 O-O
12.Bf4g3 f6
13.Ne5g4 Bd6xg3
14.fxg3 c5
15.Nb1d2 Bc8d7
16.Ra1e1 cxd4
17.cxd4 Qc7b6
18.Nd2b3 Bd7b5
19.Qe2xe6 Qb6xe6
20.Re1xe6 Bb5xf1
21.Re6xe7 Bf1c4
22.Nb3c5 Rf8e8
23.Re7c7 h5
24.Ng4f2 Re8e1

0-1

[Event "Fast Game"]
[Site "www.echecsemail.com"]
[Date "2016.07.01"]
[Round "1"]
[White "Godrad"]
[Black "Judge74"]
[WhiteElo "1599"]
[BlackElo "1599"]
[Result "1-0"]
[Round "1"]
1.e4 c5
2.Ng1f3 g6
3.d4 cxd4
4.Nf3xd4 Nb8c6
5.c4 d6
6.Nb1c3 Bf8g7
7.Bc1e3 e5
8.Nd4b5 Ng8e7
9.Nb5xd6 Kf8
10.Nc3b5 a6
11.Nd6xc8 Ra8xc8
12.Nb5d6 Rc8c7
13.Be3b6 Rc7d7
14.Bb6xd8 Rd7xd8
15.c5 Ne7c8
16.Qd1d5 Nc8xd6
17.cxd6 Nc6b4
18.Qd5xb7 Nb4c2
19.Kd2 Nc2xa1
20.Qb7e7 Kg8
21.Qe7xd8 Bg7f8
22.d7 { resign }
1-0

[Event "Tourn. n8808"]
[Site "www.chess-mail.com"]
[Date "2016.07.02"]
[Round "1"]
[White "Silent1"]
[Black "Genius9"]
[WhiteElo "1850"]
[BlackElo "1830"]
[Result "1-0"]
[Round "1"]
1.d4 d5
2.c4 dxc4
3.e3 e5
4.Bf1xc4 exd4
5.Qd1xd4 Qd8xd4
6.exd4 Nb8c6
7.Ng1f3 Bf8b4
8.Bc1d2 Ng8e7
9.O-O Bb4xd2
10.Nb1xd2 O-O
11.d5 Nc6a5
12.b3 a6
13.Rf1e1 Ne7g6
14.Nf3e5 Ng6xe5
15.Re1xe5 Na5xc4
{ time. }
1-0

[Event "Tourn. n8831"]
[Site "www.chess-mail.com"]
[Date "2016.07.02"]
[Round "1"]
[White "Knightjumper"]
[Black "Cal"]
[WhiteElo "1630"]
[BlackElo "1650"]
[Result "0-1"]
[Round "1"]
1.f4 Ng8f6
2.b3 d5
3.Bc1b2 e6
4.e3 a6
5.Ng1f3 h6
6.Bf1e2 c5
7.O-O Nb8c6
8.Nf3e5 Nf6e4
9.Ne5xc6 bxc6
10.Be2f3 Ne4f6
 { time }
0-1

[Event "Tourn. n8823"]
[Site "www.chess-mail.com"]
[Date "2016.07.02"]
[Round "1"]
[White "Nulladies"]
[Black "Knightjumper"]
[WhiteElo "1679"]
[BlackElo "1630"]
[Result "1-0"]
[Round "1"]
1.d4 d5
2.Bc1f4 c6
3.e3 Ng8f6
4.Nb1d2 Bc8g4
5.Bf1e2 Bg4xe2
6.Qd1xe2 e6
7.Ng1f3 Bf8d6
8.Nf3e5 O-O
9.Nd2f3 Nf6e4
10.Nf3d2 Bd6xe5
11.dxe5 Qd8a5
12.Kd1 Ne4xd2
13.Qe2xd2  { time }
1-0

[Event "Tourn. n8815"]
[Site "www.chess-mail.com"]
[Date "2016.07.02"]
[Round "1"]
[White "Genius9"]
[Black "Gfalk"]
[WhiteElo "1830"]
[BlackElo "1930"]
[Result "1-0"]
[Round "1"]
1.Ng1f3 d5
2.g3 c6
3.d4 Ng8f6
4.Bf1g2 Bc8f5
5.c3 e6
6.O-O Nb8d7
7.Bc1g5 Bf8e7
8.Nb1d2 O-O
9.Bg5xf6 Be7xf6
10.Rf1e1  { time }
1-0

[Event "Tourn. n8792"]
[Site "www.chess-mail.com"]
[Date "2016.07.02"]
[Round "1"]
[White "Nulladies"]
[Black "Taxrama"]
[WhiteElo "1499"]
[BlackElo "1499"]
[Result "0-1"]
[Round "1"]
1.d4 d5
2.Ng1f3 Ng8f6
3.Bc1f4 Nb8c6
4.e3 a6
5.Bf1d3 e6
6.c3 Bf8e7
7.Nb1d2 h6
8.Nf3e5 Nc6xe5
9.dxe5 Nf6d7
10.Nd2f3 Nd7c5
11.Bd3c2 Qd8d7
12.O-O g5
13.Bf4g3 Nc5e4
14.Bc2xe4 dxe4
15.Nf3d4 h5
16.h3 g4
17.h4 Qd7d8
18.Qd1c2 Be7xh4
19.Bg3h2 g3
20.fxg3 Bh4g5
21.Qc2xe4 h4
22.Ra1d1 Bc8d7
23.Nd4b3 Qd8e7
24.g4 Ra8a7
25.Qe4d4 b6
26.Nb3d2 h3
27.g3 c5
28.Qd4e4 Ra7c7
29.Nd2f3 Bd7c6
30.Qe4c2 Bg5xe3
31.Kh1 Rc7d7
32.Rd1xd7 Qe7xd7
33.Rf1d1 Bc6xf3
{ resign }
0-1

[Event "Tourn. n8778"]
[Site "www.chess-mail.com"]
[Date "2016.07.02"]
[Round "1"]
[White "Genius9"]
[Black "Jhzes"]
[WhiteElo "1860"]
[BlackElo "1809"]
[Result "0-1"]
[Round "1"]
1.d4 e6
2.Ng1f3 c5
3.e3 d6
4.dxc5 Qd8a5
5.Nb1c3 dxc5
6.Bc1d2 Qa5c7
7.Bf1b5 Bc8d7
8.Bb5xd7 Nb8xd7
9.O-O Ng8f6
10.Qd1e2 a6
11.e4 Bf8d6
12.Rf1e1 h6
13.h3 e5
14.Ra1d1 O-O-O
15.Nc3d5 Nf6xd5
16.exd5 Rh8e8
17.c4 { time. }
0-1

[Event "Tourn. n8831"]
[Site "www.chess-mail.com"]
[Date "2016.07.02"]
[Round "1"]
[White "Knightjumper"]
[Black "Gatrooper"]
[WhiteElo "1630"]
[BlackElo "1630"]
[Result "0-1"]
[Round "1"]
1.d4 d5
2.c4 dxc4
3.Ng1f3 Nb8c6
4.e3 e6
5.Bf1xc4 a6
6.Nb1c3 h6
7.O-O Ng8f6
8.a3 Bf8d6
9.b4 Nf6g4
 { time }
0-1

[Event "Tourn. n8814"]
[Site "www.chess-mail.com"]
[Date "2016.07.02"]
[Round "1"]
[White "A27l"]
[Black "Kampungboy"]
[WhiteElo "1230"]
[BlackElo "1499"]
[Result "0-1"]
[Round "1"]
1.e4 Ng8f6
2.d3 e5
3.Ng1f3 Nb8c6
4.c3 d5
5.exd5 Qd8xd5
6.h3 Bc8f5
7.Bf1e2 O-O-O
8.O-O Bf5xd3
9.Be2xd3 Qd5xd3
10.Qd1xd3 Rd8xd3
11.Bc1e3 h6
12.Nb1a3 Bf8xa3
13.bxa3 Rd3xc3
14.a4 { time. }
0-1

[Event "Tourn. n8825"]
[Site "www.chess-mail.com"]
[Date "2016.07.02"]
[Round "1"]
[White "Genius9"]
[Black "Kampungboy"]
[WhiteElo "1850"]
[BlackElo "1699"]
[Result "0-1"]
[Round "1"]
1.d4 Ng8f6
2.Bc1g5 Nf6e4
3.Bg5f4 c5
4.c3 Qd8b6
5.Qd1c2 d5
6.e3 Nb8c6
7.Nb1d2 Bc8f5
8.Nd2xe4 Bf5xe4
9.Qc2d2 e6
10.Ng1f3 f6
11.Bf1e2 { time. }
0-1

[Event "Tourn. n8802"]
[Site "www.chess-mail.com"]
[Date "2016.07.02"]
[Round "1"]
[White "Cal"]
[Black "Mrmoto"]
[WhiteElo "1540"]
[BlackElo "1630"]
[Result "0-1"]
[Round "1"]
1.c4 e5
2.e4 Ng8f6
3.d3 Bf8b4
4.Bc1d2 Bb4xd2
5.Nb1xd2 c6
6.h3 d5
7.cxd5 cxd5
8.exd5 Qd8xd5
9.Ng1f3 Nb8c6
10.Bf1e2 Bc8e6
11.O-O O-O
12.b3 Qd5d8
13.Nf3h4 Nc6d4
14.Nd2e4 Nf6d5
15.Be2g4 Qd8xh4
16.Bg4xe6 Nd4xe6
17.Qd1d2 Ra8d8
18.Ra1c1 b6
19.Ne4g3 Nd5f4
20.Ng3f5 Nf4xh3
21.gxh3 Qh4xh3
22.Nf5g3 Ne6f4
23.Qd2xf4 exf4
24.Ng3e4 f3
25.Ne4g5 Qh3g2
{ resign }
0-1

[Event "Tourn. n8786"]
[Site "www.chess-mail.com"]
[Date "2016.07.02"]
[Round "1"]
[White "Mrfunk"]
[Black "Romaamor69"]
[WhiteElo "2550"]
[BlackElo "2200"]
[Result "0-1"]
[Round "1"]
1.e4 e6
2.d4 d5
3.Nb1c3 Bf8b4
4.e5 c5
5.a3 Bb4xc3
6.bxc3 Ng8e7
7.Qd1g4 cxd4
8.Qg4xg7 Rh8g8
9.Qg7xh7 Qd8c7
10.Ng1e2 Nb8c6
11.f4 dxc3
12.Qh7d3 d4
13.Ne2g3 Bc8d7
14.Ng3e4 O-O-O
15.Ne4d6 Kb8
16.Ra1b1 b6
17.Nd6xf7 Rd8f8
18.Nf7d6 Ne7f5
19.Nd6xf5 Rf8xf5
 { time }
0-1

[Event "Tourn. n8799"]
[Site "www.chess-mail.com"]
[Date "2016.07.02"]
[Round "1"]
[White "Attatroll"]
[Black "Genius9"]
[WhiteElo "1910"]
[BlackElo "1840"]
[Result "1-0"]
[Round "1"]
1.e4 c5
2.Nb1c3 Nb8c6
3.f4 d6
4.Ng1f3 g6
5.Bf1b5 Bc8d7
6.O-O Bf8g7
7.Nc3d5 a6
8.Bb5xc6 Bd7xc6
9.c3 Ng8f6
10.Nd5xf6 Bg7xf6
11.d3 O-O
12.a4 b5
13.axb5 axb5
14.Bc1e3 Qd8d7
15.Qd1d2 Bc6b7
16.e5 dxe5
17.fxe5 Bf6g7
{ time. }
1-0

[Event "Tourn. n8774"]
[Site "www.chess-mail.com"]
[Date "2016.07.02"]
[Round "1"]
[White "Genius9"]
[Black "Viru"]
[WhiteElo "1860"]
[BlackElo "1840"]
[Result "0-1"]
[Round "1"]
1.Ng1f3 d6
2.c4 Bc8d7
3.Nb1c3 c5
4.d4 g6
5.e3 Bf8h6
6.Bf1e2 Ng8f6
7.O-O O-O
8.b3 b5
9.cxb5 Qd8c8
10.Bc1b2 Nf6g4
11.Nc3d5 e6
12.Nd5c3 Bh6xe3
13.dxc5 Qc8xc5
14.Nc3e4 Be3xf2
15.Ne4xf2 Ng4e3
16.Qd1d2 Ne3xf1
17.Ra1xf1 e5
18.Rf1c1 Qc5b6
19.a4 a5
20.Be2c4 Bd7e6
21.Qd2h6 Nb8d7
22.Nf3g5 Nd7f6
23.Bc4xe6 fxe6
24.Ng5xe6 { time. }
0-1

[Event "Tourn. n8829"]
[Site "www.chess-mail.com"]
[Date "2016.07.02"]
[Round "1"]
[White "Biggles"]
[Black "Genius9"]
[WhiteElo "2070"]
[BlackElo "1850"]
[Result "1-0"]
[Round "1"]
1.e4 c6
2.d4 d5
3.exd5 cxd5
4.c4 Ng8f6
5.Nb1c3 e6
6.Ng1f3 Nb8c6
7.c5 b6
8.Bf1b5 Bc8d7
9.cxb6 axb6
10.O-O Bf8e7
11.Bc1f4 O-O
12.Bb5d3 Nc6b4
13.Bd3b1 Ra8c8
14.Bf4e5 Bd7c6
{ time. }
1-0

[Event "Tourn. n8798"]
[Site "www.chess-mail.com"]
[Date "2016.07.02"]
[Round "1"]
[White "Glenno"]
[Black "Yangqi"]
[WhiteElo "2430"]
[BlackElo "2660"]
[Result "0-1"]
[Round "1"]
1.e4 c5
2.Ng1f3 Nb8c6
3.d4 cxd4
4.Nf3xd4 e5
5.Nd4b5 d6
6.Nb1c3 a6
7.Nb5a3 b5
8.Nc3d5 Ng8e7
9.c4 Nc6d4
10.cxb5 Ne7xd5
11.exd5 Bf8e7
12.Bf1d3 O-O
13.O-O f5
14.bxa6 f4
15.Na3c2 Nd4f5
16.Nc2b4 Qd8e8
17.Bd3xf5 Rf8xf5
18.Qd1d3 Qe8h5
19.Rf1e1 Be7d8
20.Nb4c6 Bc8xa6
21.Qd3a3 f3
22.Qa3xd6 Qh5g4
23.Qd6e6 Kf8
24.g3 Qg4h3
25.Qe6xf5 Qh3xf5
26.Nc6xe5 Ba6e2
27.Re1xe2 fxe2
28.Bc1f4 g5
29.Ra1e1 gxf4
30.Re1xe2 Ra8xa2
31.Kg2 Bd8f6
32.gxf4 Bf6xe5
33.fxe5 Qf5g4
34.Kf1 Ra2a1
35.Re2e1 Qg4c4
36.Kg2 Ra1xe1
37.Kg3 Qc4e4
38.Kh3 Qe4f3
39.Kh4 Re1xe5
40.b4 Re5h5
{ resign }
0-1

[Event "Tourn. n8800"]
[Site "www.chess-mail.com"]
[Date "2016.07.02"]
[Round "1"]
[White "Jhzes"]
[Black "Genius9"]
[WhiteElo "1890"]
[BlackElo "1840"]
[Result "1-0"]
[Round "1"]
1.b3 Ng8f6
2.Bc1b2 c5
3.Ng1f3 d5
4.e3 a6
5.Bb2xf6 gxf6
6.Nb1c3 Nb8c6
7.d3 e5
8.e4 Bc8e6
9.exd5 Be6xd5
10.Nc3xd5 Bf8g7
11.Nd5e3 O-O
{ time. }
1-0

[Event "Tourn. n8839"]
[Site "www.chess-mail.com"]
[Date "2016.07.02"]
[Round "1"]
[White "Cal"]
[Black "Knightjumper"]
[WhiteElo "1650"]
[BlackElo "1660"]
[Result "1-0"]
[Round "1"]
1.c4 e6
2.Nb1c3 d5
3.cxd5 exd5
4.d4 Ng8f6
5.h3 a6
6.e3 Bf8d6
7.Ng1f3 c6
8.Bf1d3  { time }
1-0

[Event "Tourn. n8798"]
[Site "www.chess-mail.com"]
[Date "2016.07.02"]
[Round "1"]
[White "Jhzes"]
[Black "Huw"]
[WhiteElo "1960"]
[BlackElo "2310"]
[Result "0-1"]
[Round "1"]
1.f4 d5
2.d4 Bc8f5
3.Ng1f3 e6
4.Nb1c3 c5
5.b3 Nb8c6
6.Bc1b2 Ng8f6
7.h3 Nf6e4
8.Nc3xe4 dxe4
9.Nf3e5 Qd8h4
10.Kd2 Qh4xf4
11.e3 Qf4h6
12.g4 Bf5g6
13.Bf1b5 Ra8c8
14.dxc5 Rc8d8
15.Bb2d4 Rd8xd4
16.Ne5d3 exd3
17.cxd3 a6
18.Bb5xc6 bxc6
19.Kc3 Rd4xd3
{ resign }
0-1

[Event "Match"]
[Site "www.echecsemail.com"]
[Date "2016.07.02"]
[Round "1"]
[White "Pimpampum"]
[Black "Add"]
[WhiteElo "2180"]
[BlackElo "2010"]
[Result "1-0"]
[Round "1"]
1.e4 d5
2.exd5 Qd8xd5
3.Nb1c3 Qd5e5
4.Bf1e2 c6
5.Ng1f3 Qe5a5
6.d4 e6
7.O-O Bf8d6
8.Nc3e4 Qa5c7
9.c4 Qc7d8
10.Bc1g5 f6
11.Bg5e3 Ng8e7
12.h4 Ne7f5
13.Be3d2 Bd6c7
14.Bd2c3 Qd8e7
15.a3 a5
16.b4 axb4
17.axb4 Ra8xa1
18.Qd1xa1 O-O
19.Rf1d1 Rf8d8
20.g4 Nf5xh4
21.Nf3xh4 f5
22.Nh4f3 fxe4
23.Nf3e5 Bc7xe5
24.dxe5 Nb8d7
25.Qa1b1 e3
26.fxe3 Rd8f8
27.Rd1f1 Rf8xf1
28.Qb1xf1 Qe7g5
29.Qf1f4 Qg5e7
30.Qf4d4 c5
31.Qd4d6 Qe7g5
32.Kf2 cxb4
33.Qd6xe6 { resign }
1-0

[Event "Match"]
[Site "www.echecsemail.com"]
[Date "2016.07.02"]
[Round "1"]
[White "Jhzes"]
[Black "Micheles"]
[WhiteElo "1809"]
[BlackElo "2550"]
[Result "0-1"]
[Round "1"]
1.Nb1c3 d5
2.d4 Ng8f6
3.Bc1g5 c6
4.f3 h6
5.Bg5xf6 exf6
6.e4 Bf8b4
7.Qd1d3 O-O
8.O-O-O Rf8e8
9.Rd1e1 f5
10.e5 c5
11.dxc5 d4
12.a3 Bb4a5
13.b4 dxc3
14.bxa5 Qd8xa5
15.Qd3b5 Qa5xa3
16.Kb1 Bc8e6
17.Bf1c4 Be6xc4
{ resign }
0-1

[Event "Match"]
[Site "www.echecsemail.com"]
[Date "2016.07.02"]
[Round "1"]
[White "Jaguar91"]
[Black "Glenno"]
[WhiteElo "2120"]
[BlackElo "2450"]
[Result "0-1"]
[Round "1"]
1.e4 e5
2.f4 exf4
3.Ng1f3 g5
4.h4 g4
5.Nf3e5 Ng8f6
6.Ne5xg4 d6
7.Ng4xf6 Qd8xf6
8.Nb1c3 c6
9.d4 Bf8h6
10.Qd1f3 Qf6xd4
11.Bc1xf4 Bh6xf4
12.Qf3xf4 Qd4e5
13.Qf4f3 O-O
14.O-O-O Bc8e6
15.h5 Nb8d7
16.h6 Qe5g5
17.Kb1 Nd7e5
18.Qf3f2 Rf8d8
19.Bf1e2 Qg5g6
20.g4 b5
21.Rd1f1 b4
22.Qf2h4 bxc3
23.Rf1f5 Ra8b8
24.b3 Kf8
25.Rh1f1 Be6xf5
26.exf5 Qg6g8
27.g5 c5
28.g6 hxg6
29.Qh4f6 gxf5
30.Rf1xf5 Qg8g6
31.Qf6h4 Qg6xf5
32.h7 Kg7
{ resign }
0-1

[Event "Match"]
[Site "www.echecsemail.com"]
[Date "2016.07.02"]
[Round "1"]
[White "Paco"]
[Black "Kampungboy"]
[WhiteElo "1890"]
[BlackElo "1499"]
[Result "0-1"]
[Round "1"]
1.e4 e5
2.Ng1f3 Nb8c6
3.Bf1c4 Ng8f6
4.Nf3g5 d5
5.exd5 Nc6a5
6.Bc4b5 c6
7.dxc6 bxc6
8.Bb5a4 h6
9.b4 Bf8xb4
10.c3 Bb4c5
11.Ng5f3 e4
12.Nf3e5 Qd8d5
13.Ba4xc6 Na5xc6
14.Qd1a4 Bc8b7
15.Ne5c4 { time. }
0-1

[Event "Match"]
[Site "www.echecsemail.com"]
[Date "2016.07.02"]
[Round "1"]
[White "Godrad"]
[Black "Chapi"]
[WhiteElo "1809"]
[BlackElo "2170"]
[Result "1-0"]
[Round "1"]
1.e4 c5
2.Ng1f3 Nb8c6
3.Bf1b5 d6
4.d4 cxd4
5.Qd1xd4 Bc8d7
6.Bb5xc6 bxc6
7.c4 c5
8.Qd4d3 Ng8f6
9.e5 Nf6h5
10.O-O g6
11.exd6 exd6
12.Rf1e1 Bf8e7
13.Qd3xd6 Bd7e6
14.Qd6c6 Be6d7
15.Re1xe7 Kxe7
16.Qc6xc5 Ke8
17.Qc5e5 Bd7e6
18.Qe5xh8 Ke7
19.Bc1g5 f6
20.Qh8xh7 Kf8
21.Bg5h6 Ke8
22.Qh7xg6 Be6f7
23.Qg6e4 { resign }
1-0

[Event "Tourn. n8848"]
[Site "www.chess-mail.com"]
[Date "2016.07.03"]
[Round "1"]
[White "Picifarkinca"]
[Black "Ff333"]
[WhiteElo "1970"]
[BlackElo "1980"]
[Result "0-1"]
[Round "1"]
1.b3 e5
2.Bc1b2 Nb8c6
3.g3 d5
4.Bf1g2 d4
5.d3 Qd8f6
6.Nb1d2 Bc8f5
7.a3 O-O-O
8.Nd2e4 Qf6g6
9.e3 Ng8f6
10.Ne4xf6 Qg6xf6
11.Ng1e2 dxe3
12.fxe3 Bf5g4
13.h3 Bg4d7
14.Ne2f4 Qf6g5
15.Nf4h5 g6
16.Nh5f4 Qg5xg3
{ resign }
0-1

[Event "Tourn. n8859"]
[Site "www.chess-mail.com"]
[Date "2016.07.03"]
[Round "1"]
[White "Bichoraro92"]
[Black "Nulladies"]
[WhiteElo "1719"]
[BlackElo "1750"]
[Result "1-0"]
[Round "1"]
1.d4 Ng8f6
2.e3 d5
3.f4 Bc8f5
4.Ng1f3 e6
5.Bf1d3 Bf5g6
6.O-O c5
7.c3 Nf6e4
8.Nf3e5 Qd8h4
9.Bd3b5 Kd8
10.Nb1d2 a6
11.Bb5a4 b5
12.Ba4c2 Ne4f6
13.Nd2f3 Qh4h6
14.a4 b4
15.cxb4 Bg6xc2
16.Qd1xc2 c4
17.Ne5xf7 { resign }
1-0

[Event "Tourn. n8830"]
[Site "www.chess-mail.com"]
[Date "2016.07.03"]
[Round "1"]
[White "Knightjumper"]
[Black "Bigrezi"]
[WhiteElo "1660"]
[BlackElo "1780"]
[Result "0-1"]
[Round "1"]
1.Ng1f3 d5
2.d4 Nb8c6
3.e3 Ng8f6
4.Bf1b5 Bc8d7
5.O-O g6
6.Nb1d2 Bf8g7
7.Bb5xc6 Bd7xc6
8.Nf3e5 { time. }
0-1

[Event "Tourn. n8786"]
[Site "www.chess-mail.com"]
[Date "2016.07.03"]
[Round "1"]
[White "Prize64"]
[Black "Mrfunk"]
[WhiteElo "2370"]
[BlackElo "2550"]
[Result "1-0"]
[Round "1"]
1.e4 c5
2.c3 Ng8f6
3.e5 Nf6d5
4.d4 cxd4
5.Ng1f3 Nb8c6
6.cxd4 d6
7.Bf1c4 Nd5b6
8.Bc4b5 dxe5
9.Nf3xe5 Bc8d7
10.Ne5xd7 Qd8xd7
11.Nb1c3 e6
12.O-O Bf8d6
13.d5 Nb6xd5
14.Nc3xd5 exd5
15.Rf1e1 Bd6e7
16.Bc1g5  { time }
1-0

[Event "Tourn. n8759"]
[Site "www.chess-mail.com"]
[Date "2016.07.03"]
[Round "1"]
[White "Tartan"]
[Black "Chessfan"]
[WhiteElo "2340"]
[BlackElo "2550"]
[Result "0-1"]
[Round "1"]
1.e4 e5
2.Ng1f3 Nb8c6
3.Bf1b5 d6
4.d4 Bc8d7
5.Nb1c3 exd4
6.Nf3xd4 g6
7.O-O Bf8g7
8.Bb5xc6 bxc6
9.Rf1e1 Ng8e7
10.Bc1f4 O-O
11.e5 Ne7f5
12.Nd4xf5 Bd7xf5
13.exd6 cxd6
14.g4 Bf5e6
15.Bf4xd6 Be6xg4
16.Qd1d2 Bg4f5
17.Re1e2 Rf8e8
18.Re2xe8 Qd8xe8
19.Ra1e1 Qe8d8
20.Qd2f4 Bf5xc2
21.Bd6e5 Bc2f5
22.Be5xg7 Kxg7
23.a3 Qd8f6
24.Qf4c7 Ra8d8
25.Qc7xa7 Qf6g5
26.Kh1 Bf5g4
{ resign }
0-1

[Event "Tourn. n8848"]
[Site "www.chess-mail.com"]
[Date "2016.07.03"]
[Round "1"]
[White "Picifarkinca"]
[Black "Francesco"]
[WhiteElo "1970"]
[BlackElo "1990"]
[Result "1-0"]
[Round "1"]
1.b3 d5
2.Bc1b2 Bc8g4
3.g3 Nb8d7
4.Bf1g2 c6
5.Ng1f3 Ng8f6
6.d3 Bg4xf3
7.Bg2xf3 e5
8.Nb1d2 Bf8c5
9.e3 O-O
10.Bf3g2 Rf8e8
11.a3 Nf6g4
12.Qd1xg4 Nd7f6
13.Qg4h4 Bc5e7
14.Bb2xe5 Nf6e4
15.Qh4g4 f6
16.Be5b2 Qd8a5
17.dxe4 dxe4
18.Qg4xe4 Be7c5
19.Qe4c4 Kh8
20.b4 { resign }
1-0

[Event "Tourn. n8829"]
[Site "www.chess-mail.com"]
[Date "2016.07.03"]
[Round "1"]
[White "Pwain"]
[Black "Biggles"]
[WhiteElo "1959"]
[BlackElo "2070"]
[Result "1-0"]
[Round "1"]
1.e4 e6
2.d4 d5
3.Nb1c3 Bf8b4
4.e5 c5
5.a3 Bb4xc3
6.bxc3 Nb8c6
7.Qd1g4 Ng8e7
8.Qg4xg7 Rh8g8
9.Qg7xh7 cxd4
10.Ng1f3 dxc3
11.Bf1b5 Bc8d7
12.Bb5xc6 Bd7xc6
13.Nf3g5 Rg8f8
14.Qh7h5 Qd8b6
15.Ng5xe6 Rf8g8
16.O-O d4
17.g3 Bc6e4
18.Ne6g5 Be4g6
19.Qh5g4 Ra8d8
20.Ng5e4 Qb6c6
21.Ne4f6 Kf8
22.Bc1h6 Rg8g7
23.Ra1d1 Ne7f5
24.Bh6xg7 Kxg7
25.h4 Rd8h8
26.Rd1xd4 Nf5xd4
27.Qg4xd4 Bg6f5
28.f3 Qc6c7
29.Nf6d5 Qc7d8
30.e6 f6
31.Rf1d1 Bf5xe6
32.Kf2 Rh8h5
33.Nd5f4 Qd8xd4
34.Rd1xd4 Rh5e5
35.Nf4xe6 Re5xe6
36.Rd4c4 Re6c6
37.Rc4xc6 bxc6
38.g4 Kg6
39.Ke3 f5
40.Kd4 Kf6
41.h5 { resign }
1-0

[Event "Tourn. n8786"]
[Site "www.chess-mail.com"]
[Date "2016.07.03"]
[Round "1"]
[White "Romaamor69"]
[Black "Jhzes"]
[WhiteElo "2200"]
[BlackElo "2319"]
[Result "1-0"]
[Round "1"]
1.d4 e6
2.Ng1f3 c5
3.Nb1c3 c4
4.d5 Bf8b4
5.Qd1d4 Qd8f6
6.Qd4xc4 Bb4xc3
7.bxc3 Ng8e7
8.Bc1g5 exd5
9.Bg5xf6 dxc4
10.Bf6xg7 Rh8g8
11.Bg7f6 Nb8c6
12.Bf6xe7 Nc6xe7
13.g3 d5
14.Bf1g2 Bc8f5
15.Nf3d4 Bf5e4
16.f3 Be4f5
17.Ra1b1 b6
18.Kf2 h5
19.e4 dxe4
20.fxe4 Bf5d7
21.Rh1d1 O-O-O
22.Bg2f3 Bd7g4
23.Rb1b4 Bg4xf3
24.Rb4xc4 Kb7
25.Kxf3 Ne7g6
26.Rc4a4 Ng6e5
27.Kf4 Ne5c6
28.Ke3 b5
29.Rd1b1 a6
30.Nd4xc6 Kxc6
31.Ra4xa6 Kb7
32.Ra6f6 Rd8d7
33.Rb1xb5 { resign }
1-0

[Event "Tourn. n8779"]
[Site "www.chess-mail.com"]
[Date "2016.07.03"]
[Round "1"]
[White "Jhzes"]
[Black "Romaamor69"]
[WhiteElo "2229"]
[BlackElo "2160"]
[Result "0-1"]
[Round "1"]
1.d4 f5
2.Bc1f4 Ng8f6
3.c4 e6
4.a3 Bf8e7
5.Nb1c3 d6
6.g3 Nb8d7
7.Bf1g2 e5
8.dxe5 dxe5
9.Bf4g5 O-O
10.Bg5xf6 Nd7xf6
11.Qd1xd8 Rf8xd8
12.Ng1f3 e4
13.Nf3e5 Be7d6
14.O-O-O Bc8e6
15.f4 Bd6xe5
16.fxe5 Nf6g4
17.Rd1xd8 Ra8xd8
18.b3 c6
19.h4 Ng4xe5
20.Nc3a4 Ne5g4
21.Na4c5 Be6c8
22.h5 Kf7
23.Rh1f1 Ng4e3
24.Rf1g1 Ne3xg2
25.Rg1xg2 Kf6
26.Rg2f2 Kg5
27.e3 Kg4
28.Rf2g2 Kh3
29.Rg2g1 Kh2
30.Rg1e1 Kg2
31.Kc2 Kf2
32.Re1c1 Kxe3
33.Rc1f1 Rd8d2
34.Kc3 Rd2g2
35.Rf1e1 Kf2
36.Re1d1 Rg2xg3
37.Kb4 e3
{ resign }
0-1

[Event "Tourn. n8769"]
[Site "www.chess-mail.com"]
[Date "2016.07.03"]
[Round "1"]
[White "Leo57"]
[Black "Prize64"]
[WhiteElo "2790"]
[BlackElo "2360"]
[Result "1-0"]
[Round "1"]
1.c4 Ng8f6
2.Nb1c3 g6
3.e4 d6
4.d4 Bf8g7
5.Bf1e2 O-O
6.Ng1f3 e5
7.Bc1e3 Nf6g4
8.Be3g5 f6
9.Bg5h4 Nb8c6
10.d5 Nc6e7
11.h3 Ng4h6
12.Qd1b3 b6
13.Qb3c2 f5
14.Be2d3 f4
15.Nf3d2 Bg7f6
16.Bh4xf6 Rf8xf6
17.Nd2f3 Nh6f7
18.O-O-O a6
19.Kb1 Bc8d7
20.Bd3e2 g5
21.Rd1g1 Rf6g6
22.g3 a5
23.Nf3e1 Kh8
24.Be2h5 Rg6g7
25.Bh5g4 Bd7e8
26.Ne1f3 Nf7h6
27.Bg4e6 Be8d7
28.gxf4 gxf4
29.Rg1xg7 Kxg7
30.Rh1g1 Kh8
31.Nf3g5 Ne7g6
32.Qc2e2 Bd7e8
33.Qe2h5 Kg7
34.Be6f5 { resign }
1-0

[Event "Tourn. n8848"]
[Site "www.chess-mail.com"]
[Date "2016.07.03"]
[Round "1"]
[White "Guidom"]
[Black "Francesco"]
[WhiteElo "2050"]
[BlackElo "2000"]
[Result "1-0"]
[Round "1"]
1.e4 c6
2.d4 d5
3.e5 Bc8f5
4.Bf1d3 Bf5xd3
5.cxd3 e6
6.Nb1c3 c5
7.dxc5 Bf8xc5
8.d4 Bc5b6
9.Ng1f3 Ng8e7
10.Bc1e3 O-O
11.O-O Nb8c6
12.a3 Ra8c8
13.Qd1d2 Ne7f5
14.Rf1d1 Nf5xe3
15.fxe3 a6
16.b4 Nc6e7
17.Ra1c1 Ne7f5
18.Kh1 Rc8c4
19.Nc3a4 Rc4xc1
20.Rd1xc1 Bb6a7
21.Na4c5 Qd8e7
22.h3 Rf8c8
23.Rc1c3 Qe7c7
24.Nc5a4 Qc7d7
25.Na4c5 Qd7e7
26.g4 Ba7xc5
27.Rc3xc5 Rc8c7
28.gxf5 { resign }
1-0

[Event "Tourn. n8806"]
[Site "www.chess-mail.com"]
[Date "2016.07.03"]
[Round "1"]
[White "Sportuga"]
[Black "Cal"]
[WhiteElo "1499"]
[BlackElo "1610"]
[Result "1-0"]
[Round "1"]
1.e4 e5
2.Ng1f3 d6
3.d4 exd4
4.Qd1xd4 Ng8f6
5.Nb1c3 c5
6.Bf1b5 Bc8d7
7.Bb5xd7 Qd8xd7
8.Qd4d3 Nb8c6
9.O-O Bf8e7
10.a3 h6
11.h3 a6
12.Bc1f4 O-O
13.Ra1d1 b5
14.Bf4xd6 Ra8d8
15.Bd6xe7 Qd7xe7
16.Qd3e3 Rd8xd1
17.Rf1xd1 b4
18.axb4 Nc6xb4
19.Rd1d2 c4
20.e5 Nf6h7
21.Nc3d5 Nb4xd5
22.Rd2xd5 f6
23.e6 Qe7b7
24.Qe3c5 Qb7xb2
25.Qc5xc4 Qb2a1
26.Kh2 Qa1a3
27.e7 Qa3xe7
28.Rd5d7 Qe7f7
29.Rd7xf7 Rf8xf7
30.Qc4c8 Nh7f8
31.Qc8xa6 h5
32.Qa6a2 g5
33.Nf3d4 Nf8d7
34.Nd4f5 Kf8
35.Qa2a8 { resign }
1-0